000 01027nam a22001937a 4500
999 _c62429
_d62429
003 Ge_BSU
005 20241030172546.0
008 241030s2021 ge ||||| |||| 00| 0 geo d
020 _a9789941117053
041 _ageo
080 _a159.9 ა-28
100 _aადლერი, ალფრედ
_916213
245 _aადამიანის ბუნების შეცნობისათვის :
_b გზა თვითშემეცნებისკენ /
_c ალფრედ ადლერი; ინგლისურიდან თარგმნა თამარ ბოგვერაძემ; ბერან ვოლფის წინასიტყვაობა.
264 _aთბილისი :
_bდიოგენე,
_c2021.
300 _a288 გვ. ;
_b20 სმ.
653 _aადამაიანის ფსიქოლოგია
700 _aბოგვერაძე, თამარ
_eმთარგმნელი
_923543
942 _2udc
_cᲬᲘᲒᲜᲘ